Statistics for US Citizenship Test

Click here to take the quiz!

General Stats

  • This quiz has been taken 29 times
  • The average score is 31 of 177

Answer Stats

HintAnswer% Correct
Name Largest RiversMississippi | Missouri
96%
Name 3 States Bordering CanadaAlaska | Maine | New Hampshire | Vermont | New York | Michigan | Minnesota | North Dakota | Montana | Idaho | Washington
75%
Name 3 States Bordering CanadaAlaska | Maine | New Hampshire | Vermont | New York | Michigan | Minnesota | North Dakota | Montana | Idaho | Washington
75%
Name 3 States Bordering CanadaAlaska | Maine | New Hampshire | Vermont | New York | Michigan | Minnesota | North Dakota | Montana | Idaho | Washington
75%
Name Ocean On The East CoastAtlantic
75%
Name Ocean On The West CoastPacific
75%
Name 3 States Bordering MexicoTexas | New Mexico | Arizona | California
75%
Name 3 States Bordering MexicoTexas | New Mexico | Arizona | California
75%
Name 3 US TerritoriesPuerto Rico | US Virgin Islands | American Samoa | North Mariana Islands | Guam
71%
Name 3 US TerritoriesPuerto Rico | US Virgin Islands | American Samoa | North Mariana Islands | Guam
71%
Name 3 States Bordering MexicoTexas | New Mexico | Arizona | California
71%
Name US CapitalWashington DC
71%
Name 3 US TerritoriesPuerto Rico | US Virgin Islands | American Samoa | North Mariana Islands | Guam
67%
Name 3 TribesCherokee | Navajo | Sioux | Chippewa | Choctaw | Pueblo | Apache | Iroquois | Creek | Blackfeet | Seminole | Cheyenne | Arawak | Shawnee | Mohegan | Huron | Oneida | Lakota | Crow | Teton | Hopi | Inuit
63%
Who Lived In America Prior To The EuropeansNative Americans | American Indians
63%
Name 9 Original StatesNew Hampshire | Massachusetts | Rhode Island | Connecticut | New York | New Jersey | Pennsylvania | Delaware | Maryland | Virginia | North Carolina | South Carolina | Georgia
63%
Name 9 Original StatesNew Hampshire | Massachusetts | Rhode Island | Connecticut | New York | New Jersey | Pennsylvania | Delaware | Maryland | Virginia | North Carolina | South Carolina | Georgia
63%
Name 9 Original StatesNew Hampshire | Massachusetts | Rhode Island | Connecticut | New York | New Jersey | Pennsylvania | Delaware | Maryland | Virginia | North Carolina | South Carolina | Georgia
63%
Name 9 Original StatesNew Hampshire | Massachusetts | Rhode Island | Connecticut | New York | New Jersey | Pennsylvania | Delaware | Maryland | Virginia | North Carolina | South Carolina | Georgia
63%
Name 9 Original StatesNew Hampshire | Massachusetts | Rhode Island | Connecticut | New York | New Jersey | Pennsylvania | Delaware | Maryland | Virginia | North Carolina | South Carolina | Georgia
63%
Name 9 Original StatesNew Hampshire | Massachusetts | Rhode Island | Connecticut | New York | New Jersey | Pennsylvania | Delaware | Maryland | Virginia | North Carolina | South Carolina | Georgia
63%
Name 9 Original StatesNew Hampshire | Massachusetts | Rhode Island | Connecticut | New York | New Jersey | Pennsylvania | Delaware | Maryland | Virginia | North Carolina | South Carolina | Georgia
63%
Name 9 Original StatesNew Hampshire | Massachusetts | Rhode Island | Connecticut | New York | New Jersey | Pennsylvania | Delaware | Maryland | Virginia | North Carolina | South Carolina | Georgia
63%
Name 9 Original StatesNew Hampshire | Massachusetts | Rhode Island | Connecticut | New York | New Jersey | Pennsylvania | Delaware | Maryland | Virginia | North Carolina | South Carolina | Georgia
63%
Name The Creator Of The Declaration Of IndependenceThomas Jefferson
58%
Name 3 TribesCherokee | Navajo | Sioux | Chippewa | Choctaw | Pueblo | Apache | Iroquois | Creek | Blackfeet | Seminole | Cheyenne | Arawak | Shawnee | Mohegan | Huron | Oneida | Lakota | Crow | Teton | Hopi | Inuit
54%
Name 3 TribesCherokee | Navajo | Sioux | Chippewa | Choctaw | Pueblo | Apache | Iroquois | Creek | Blackfeet | Seminole | Cheyenne | Arawak | Shawnee | Mohegan | Huron | Oneida | Lakota | Crow | Teton | Hopi | Inuit
54%
Name Largest RiversMississippi | Missouri
50%
Name The First PresidentGeorge Washington
29%
Name The Father Of Our CountryGeorge Washington
29%
Name 3 Wars Fought In 1800sWar Of 1812 | Mexican-American War | Civil War | Spanish-American War
29%
Name The First 3 Words Of The ConstitutionWe The People
29%
Name 3 Wars Fought In 1900sWW1 | WW2 | Korean War | Vietnam War | Gulf War
29%
Name Territory US Bought From France In 1803Louisiana
25%
Name 3 Wars Fought In 1900sWW1 | WW2 | Korean War | Vietnam War | Gulf War
25%
Name The War Between The North And The SouthCivil War
21%
Name 3 Writers Of the Federalist PapersJames Madison | Alexander Hamilton | John Jay | Publius
21%
Name 3 Reasons The Civil War HappenedSlavery | Economic Reasons | States Rights
21%
Name 3 Reasons The Civil War HappenedSlavery | Economic Reasons | States Rights
21%
Name 3 Reasons The Civil War HappenedSlavery | Economic Reasons | States Rights
21%
Name 3 Wars Fought In 1800sWar Of 1812 | Mexican-American War | Civil War | Spanish-American War
21%
Name 3 Wars Fought In 1800sWar Of 1812 | Mexican-American War | Civil War | Spanish-American War
21%
Name 3 Wars Fought In 1900sWW1 | WW2 | Korean War | Vietnam War | Gulf War
21%
Name The War Eisenhower Was General InWW2
21%
Name Year Constitution Was Created1787
17%
Name The Age Men Must Register For The Selective Service18
17%
Name President During WW2 And Great DepressionFranklin Roosevelt
17%
Name 3 Reasons Colonists CameFreedom | Political Liberty Religious Freedom | Practice Their Religion | Escape Persecution | Economic Opportunity
17%
Name Adversaries Fought In WW2Germany | Italy | Japan
17%
Name Adversaries Fought In WW2Germany | Italy | Japan
17%
Name Adversaries Fought In WW2Germany | Italy | Japan
17%
Name 3 Writers Of the Federalist PapersJames Madison | Alexander Hamilton | John Jay | Publius
17%
Name 3 Writers Of the Federalist PapersJames Madison | Alexander Hamilton | John Jay | Publius
17%
Name 3 Rights In Declaration Of IndependenceLife | Liberty | Pursuit Of Happiness
17%
Name 3 Rights In Declaration Of IndependenceLife | Liberty | Pursuit Of Happiness
17%
Name 3 Rights In Declaration Of IndependenceLife | Liberty | Pursuit Of Happiness
17%
Name 6 National HolidaysNew Year's Day | Martin Luther King Jr Day | Presidents' Day | Memorial Day | Independence Day | Labor Day | Columbus Day | Veterans Day | Thanksgiving | Christmas
17%
Name How Many Senators There Are100
13%
Name Age Citizens Can Vote For President18
13%
Name The Amount Of Years House Reps Are Elected For2
13%
Name How Many Amendments There Are27
13%
Name How Many House Reps There Are435
13%
Name The Amount Of Years Senators Are Elected For6
13%
Name The Amount Of Supreme Court Justices9
13%
Name Movement That Tried To End Racial DiscriminationCivil Rights
13%
Name 2 Massachusetts SenatorsElizabeth Warren | Ed Markey
13%
Name 2 Massachusetts SenatorsElizabeth Warren | Ed Markey
13%
Name 3 Reasons Colonists CameFreedom | Political Liberty Religious Freedom | Practice Their Religion | Escape Persecution | Economic Opportunity
13%
Name 3 Reasons Colonists CameFreedom | Political Liberty Religious Freedom | Practice Their Religion | Escape Persecution | Economic Opportunity
13%
Name 3 Reasons Colonists Fought The BritishHigh Taxes | British Army Stayed In Their Homes | Didn't Have Self Government
13%
Name The Current PresidentJoe Biden
13%
Name When The Independence Day IsJuly 4th
13%
Name The Current Vice PresidentKamala Harris
13%
Name The Three Branches Of GovernmentLegislative | Executive | Judicial
13%
Name The Three Branches Of GovernmentLegislative | Executive | Judicial
13%
Name The Three Branches Of GovernmentLegislative | Executive | Judicial
13%
Name 6 National HolidaysNew Year's Day | Martin Luther King Jr Day | Presidents' Day | Memorial Day | Independence Day | Labor Day | Columbus Day | Veterans Day | Thanksgiving | Christmas
13%
Name The Two Parts Of CongressSenate | House Of Representatives
13%
Name The Two Parts Of CongressSenate | House Of Representatives
13%
Name 3 Rights In The 1st AmendmentSpeech | Religion | Press | Assembly | Petition
13%
Name 3 Rights In The 1st AmendmentSpeech | Religion | Press | Assembly | Petition
13%
Name 3 Rights In The 1st AmendmentSpeech | Religion | Press | Assembly | Petition
13%
Name What The First 10 Amendments Are CalledThe Bill Of Rights
13%
Name The National AnthemThe Star-Spangled Banner
13%
Name Who Becomes The President If The Current President Can No Longer ServeThe Vice President
13%
Name President During WW1Woodrow Wilson
13%
Name The Amount Of Years The President Is Elected For4
8%
Name The People Who Were Taken And Sold As SlavesAfricans
8%
Name State CapitalBoston
8%
Name Concern Of The US During The Cold WarCommunism
8%
Name Who Creates Federal LawsCongress
8%
Name The Supreme Law Of The LandConstitution
8%
Name Two Major Parties Of USDemocratic Party | Republican Party
8%
Name Two Major Parties Of USDemocratic Party | Republican Party
8%
Name 3 Reasons Colonists Fought The BritishHigh Taxes | British Army Stayed In Their Homes | Didn't Have Self Government
8%
Name 3 Reasons Colonists Fought The BritishHigh Taxes | British Army Stayed In Their Homes | Didn't Have Self Government
8%
Name The Chief JusticeJohn Roberts
8%
Name The Speaker Of The HouseMike Johnson
8%
Name 6 National HolidaysNew Year's Day | Martin Luther King Jr Day | Presidents' Day | Memorial Day | Independence Day | Labor Day | Columbus Day | Veterans Day | Thanksgiving | Christmas
8%
Name 6 National HolidaysNew Year's Day | Martin Luther King Jr Day | Presidents' Day | Memorial Day | Independence Day | Labor Day | Columbus Day | Veterans Day | Thanksgiving | Christmas
8%
Name 6 National HolidaysNew Year's Day | Martin Luther King Jr Day | Presidents' Day | Memorial Day | Independence Day | Labor Day | Columbus Day | Veterans Day | Thanksgiving | Christmas
8%
Name 6 National HolidaysNew Year's Day | Martin Luther King Jr Day | Presidents' Day | Memorial Day | Independence Day | Labor Day | Columbus Day | Veterans Day | Thanksgiving | Christmas
8%
Name The Month We Vote For The PresidentNovember
8%
Name 6 Cabinet PositionsSecretary Of Agriculture | Secretary Of Commerce | Secretary Of Defense | Secretary Of Education | Secretary Of Energy | Secretary Of Health And Human Services | Secretary Of Homeland Security | Secretary Of Housing And Urban Development | Secretary Of The Interior | Secretary Of Labor | Secretary Of State | Secretary Of Transportation | Secretary Of The Treasury | Secretary Of Veterans Affairs | Attorney General
8%
Name Highest Court IN USSupreme Court
8%
Name Who We Show Loyalty To In PledgeThe Flag | The United States
8%
Name Who Is In Charge Of Executive BranchThe President
8%
Name Who Vetoes BillsThe President
8%
Name The Commander In ChiefThe President
8%
Name Who Becomes The President If Both The Current President And Vice President Can No Longer ServeThe Speaker Of The House
8%
Name 6 Ways Americans Participate In DemocracyVote | Join A Political Party | Help A Campaign | Join A Civic Group | Join A Community Group | Give Elected Official Your Opinion | Call Senators And Representatives | Publicly Support Or Oppose Issue Or Policy | Run For Office | Write To Newspaper
8%
Name 6 Ways Americans Participate In DemocracyVote | Join A Political Party | Help A Campaign | Join A Civic Group | Join A Community Group | Give Elected Official Your Opinion | Call Senators And Representatives | Publicly Support Or Oppose Issue Or Policy | Run For Office | Write To Newspaper
8%
Name What Stops A Branch Of Government From Becoming Too PowerfulChecks And Balances | Separation Of Powers
4%
Name Political Party Of The PresidentDemocratic Party
4%
Name What Emancipation Proclamation DidFreed The Slaves
4%
Name 3 Things Abraham Lincoln DidFreed The Slaves | Saved The Union | Led US During Civil War
4%
Name 3 Things Abraham Lincoln DidFreed The Slaves | Saved The Union | Led US During Civil War
4%
Name 3 Things Abraham Lincoln DidFreed The Slaves | Saved The Union | Led US During Civil War
4%
Name 3 Promises Made When Becoming CitizenGive Up Loyalty To Other Countries | Defend The Constitution | Obey The Laws | Serve In Military | Serve The Nation | Be Loyal To The US
4%
Name When Was It AdoptedJuly 4th 1776
4%
Name Location Of Statue Of LibertyLiberty Island
4%
Name What Judicial Branch DoesReviews Laws | Explains Laws | Resolves Disputes
4%
Name 6 Cabinet PositionsSecretary Of Agriculture | Secretary Of Commerce | Secretary Of Defense | Secretary Of Education | Secretary Of Energy | Secretary Of Health And Human Services | Secretary Of Homeland Security | Secretary Of Housing And Urban Development | Secretary Of The Interior | Secretary Of Labor | Secretary Of State | Secretary Of Transportation | Secretary Of The Treasury | Secretary Of Veterans Affairs | Attorney General
4%
Name 6 Cabinet PositionsSecretary Of Agriculture | Secretary Of Commerce | Secretary Of Defense | Secretary Of Education | Secretary Of Energy | Secretary Of Health And Human Services | Secretary Of Homeland Security | Secretary Of Housing And Urban Development | Secretary Of The Interior | Secretary Of Labor | Secretary Of State | Secretary Of Transportation | Secretary Of The Treasury | Secretary Of Veterans Affairs | Attorney General
4%
Name 6 Cabinet PositionsSecretary Of Agriculture | Secretary Of Commerce | Secretary Of Defense | Secretary Of Education | Secretary Of Energy | Secretary Of Health And Human Services | Secretary Of Homeland Security | Secretary Of Housing And Urban Development | Secretary Of The Interior | Secretary Of Labor | Secretary Of State | Secretary Of Transportation | Secretary Of The Treasury | Secretary Of Veterans Affairs | Attorney General
4%
Name 6 Cabinet PositionsSecretary Of Agriculture | Secretary Of Commerce | Secretary Of Defense | Secretary Of Education | Secretary Of Energy | Secretary Of Health And Human Services | Secretary Of Homeland Security | Secretary Of Housing And Urban Development | Secretary Of The Interior | Secretary Of Labor | Secretary Of State | Secretary Of Transportation | Secretary Of The Treasury | Secretary Of Veterans Affairs | Attorney General
4%
Name 6 Cabinet PositionsSecretary Of Agriculture | Secretary Of Commerce | Secretary Of Defense | Secretary Of Education | Secretary Of Energy | Secretary Of Health And Human Services | Secretary Of Homeland Security | Secretary Of Housing And Urban Development | Secretary Of The Interior | Secretary Of Labor | Secretary Of State | Secretary Of Transportation | Secretary Of The Treasury | Secretary Of Veterans Affairs | Attorney General
4%
Name Who Signs Bills Into LawsThe President
4%
Name 3 Things Ben Franklin Is Known ForUS Diplomat | Oldest Member At Constitutional Convention | First Postmaster General | Writer Of Poor Richard's Almanac | Started First Free Libraries
4%
Name 6 Ways Americans Participate In DemocracyVote | Join A Political Party | Help A Campaign | Join A Civic Group | Join A Community Group | Give Elected Official Your Opinion | Call Senators And Representatives | Publicly Support Or Oppose Issue Or Policy | Run For Office | Write To Newspaper
4%
Name 6 Ways Americans Participate In DemocracyVote | Join A Political Party | Help A Campaign | Join A Civic Group | Join A Community Group | Give Elected Official Your Opinion | Call Senators And Representatives | Publicly Support Or Oppose Issue Or Policy | Run For Office | Write To Newspaper
4%
Name 6 Ways Americans Participate In DemocracyVote | Join A Political Party | Help A Campaign | Join A Civic Group | Join A Community Group | Give Elected Official Your Opinion | Call Senators And Representatives | Publicly Support Or Oppose Issue Or Policy | Run For Office | Write To Newspaper
4%
Name 6 Ways Americans Participate In DemocracyVote | Join A Political Party | Help A Campaign | Join A Civic Group | Join A Community Group | Give Elected Official Your Opinion | Call Senators And Representatives | Publicly Support Or Oppose Issue Or Policy | Run For Office | Write To Newspaper
4%
Name What An Amendment IsA Change To The Constitution | An Addition To The Constitution
0%
Name What The Presidential Cabinet DoesAdvises The President
0%
Name The Last Day To Send Income Tax FormsApril 15th
0%
Name Economic System Of USCapitalist System
0%
Describe 3 Voting AmendmentsCitizens 18 And Older Can Vote | Do Not Have To Pay Poll Tax | Any Citizen Can Vote Regardless Of Sex | Any Citizen Can Vote Regardless Of Race
0%
Describe 3 Voting AmendmentsCitizens 18 And Older Can Vote | Do Not Have To Pay Poll Tax | Any Citizen Can Vote Regardless Of Sex | Any Citizen Can Vote Regardless Of Race
0%
Describe 3 Voting AmendmentsCitizens 18 And Older Can Vote | Do Not Have To Pay Poll Tax | Any Citizen Can Vote Regardless Of Sex | Any Citizen Can Vote Regardless Of Race
0%
Name What Happened At Constitutional ConventionConstitution Was Written | Founding Fathers Wrote The Constitution
0%
Name What The Declaration Of Independence DidDeclared Independence From Great Britain
0%
Name Who Senators RepresentEveryone Within Their State
0%
Name Reason We Have 13 Stripes On FlagFor 13 Original Colonies
0%
Name Reason We Have 50 Stars On FlagFor 50 States
0%
Name What Martin Luther King Jr DidFought For Civil Rights | Worked For Equality For All Americans
0%
Name 2 Things Susan B. Anthony DidFought For Women's Rights | Fought For Civil Rights
0%
Name 2 Things Susan B. Anthony DidFought For Women's Rights | Fought For Civil Rights
0%
Name 6 Rights Of All Living In USFreedom Of Expression | Freedom Of Speech | Freedom Of Assembly | Freedom Of Petition | Freedom Of Religion | Right To Bear Arms
0%
Name 6 Rights Of All Living In USFreedom Of Expression | Freedom Of Speech | Freedom Of Assembly | Freedom Of Petition | Freedom Of Religion | Right To Bear Arms
0%
Name 6 Rights Of All Living In USFreedom Of Expression | Freedom Of Speech | Freedom Of Assembly | Freedom Of Petition | Freedom Of Religion | Right To Bear Arms
0%
Name 6 Rights Of All Living In USFreedom Of Expression | Freedom Of Speech | Freedom Of Assembly | Freedom Of Petition | Freedom Of Religion | Right To Bear Arms
0%
Name 6 Rights Of All Living In USFreedom Of Expression | Freedom Of Speech | Freedom Of Assembly | Freedom Of Petition | Freedom Of Religion | Right To Bear Arms
0%
Name 6 Rights Of All Living In USFreedom Of Expression | Freedom Of Speech | Freedom Of Assembly | Freedom Of Petition | Freedom Of Religion | Right To Bear Arms
0%
Name 3 Promises Made When Becoming CitizenGive Up Loyalty To Other Countries | Defend The Constitution | Obey The Laws | Serve In Military | Serve The Nation | Be Loyal To The US
0%
Name 3 Promises Made When Becoming CitizenGive Up Loyalty To Other Countries | Defend The Constitution | Obey The Laws | Serve In Military | Serve The Nation | Be Loyal To The US
0%
Name Current Local House RepresentativeJim McGovern
0%
Name The Governor Of MassachusettsMaura Healey
0%
Name What Rule Of Law IsNo One Is Above The Law
0%
Name 3 Powers Of The Federal GovernmentPrint Money | Declare War | Create An Army | Make Treaties
0%
Name 3 Powers Of The Federal GovernmentPrint Money | Declare War | Create An Army | Make Treaties
0%
Name 3 Powers Of The Federal GovernmentPrint Money | Declare War | Create An Army | Make Treaties
0%
Name Why Some States Have More Representatives Than Other StatesProportional System
0%
Name 3 Powers Of The State GovernmentsProvides Schooling | Provides Protection | Provides Safety | Supplies Driver's License | Approves Zoning And Land Use
0%
Name 3 Powers Of The State GovernmentsProvides Schooling | Provides Protection | Provides Safety | Supplies Driver's License | Approves Zoning And Land Use
0%
Name 3 Powers Of The State GovernmentsProvides Schooling | Provides Protection | Provides Safety | Supplies Driver's License | Approves Zoning And Land Use
0%
Name 2 Responsibilities For All CitizensServe On A Jury | Vote In Federal Elections
0%
Name 2 Responsibilities For All CitizensServe On A Jury | Vote In Federal Elections
0%
Name 3 Things The Constitution DoesSets Up Government | Defines Government | Protects Basic Rights Of Americans
0%
Name 3 Things The Constitution DoesSets Up Government | Defines Government | Protects Basic Rights Of Americans
0%
Name 3 Things The Constitution DoesSets Up Government | Defines Government | Protects Basic Rights Of Americans
0%
Name What Happened On 9/11Terrorist Attacks On US
0%
Name 3 Things Ben Franklin Is Known ForUS Diplomat | Oldest Member At Constitutional Convention | First Postmaster General | Writer Of Poor Richard's Almanac | Started First Free Libraries
0%
Name 3 Things Ben Franklin Is Known ForUS Diplomat | Oldest Member At Constitutional Convention | First Postmaster General | Writer Of Poor Richard's Almanac | Started First Free Libraries
0%
Name 2 Rights For CitizensVote In Federal Election | Run For Federal Office
0%
Name 2 Rights For CitizensVote In Federal Election | Run For Federal Office
0%
Name What Freedom Of Religion IsYou Can Practice Any Religion
0%

Score Distribution

Percentile by Number Answered

Percent of People with Each Score

Your Score History

You have not taken this quiz